The Walking Dead Season One - Statistics

General Stats
  • This quiz has been taken 2,742 times
    2,740 since last reset
  • The average score is 21 of 30
Answer Stats
Hint Answer % Correct
Lead Character; Leader of group; Sheriff Rick Grimes
99%
Lead's son Carl Grimes
98%
Lead's best friend; Sheriff; Jealous Shane Walsh
98%
Corrupt Younger Brother; Hunter, uses Crossbow Daryl Dixon
96%
Young Korean Man; Scavenger, Quick Glenn
95%
Lead's wife Lori Grimes
95%
Corrupt Older Brother; Cut off own hand Merle Dixon
92%
Older Sister; Suicidal after sister's death Andrea
91%
Driver of RV; Oldest of Group Dale Horvath
91%
Beaten wife; husband turned Walker Carol Peletier
88%
Had conflicts with "corrupt older brother"; accidentally dropped the keys to his handcuffs T-Dog
86%
Younger Sister; Turned Walker on her birthday Amy
85%
Daughter of beaten wife and walker husband; is close to Lead's son Sophia Peletier
85%
City overrun by Walkers Atlanta
81%
Where Lead Character woke up after the Walker infection Hospital
79%
Beats wife; Turned Walker Ed Peletier
74%
Digs holes in madness; Close to RV Driver; Turned Walker Jim
73%
How many episodes were in season one? Six
73%
Man who helps Lead Character; has a young son and wife turned Walker Morgan
71%
Where did the Lead Character hide in in Atlanta? Tank
67%
These two wore Walker guts to escape Rick and Glenn
64%
Survivor; elects to stay in CDC as it explodes; Deceased Jacqui
50%
Young boy whose mother is turned Walker; lives with father Duane
47%
Hispanic survivor; leaves group with family as they go to CDC Morales
38%
Gang of Hispanics took care of what kind of people? Elderly
36%
Lead Character's Weapon of Choice Revolver
36%
Last doctor left in CDC; Deceased Dr. Edwin Jenner
20%
Iconic walker that Lead Character comes across and puts down. Bicycle Girl
19%
Where group of survivors were trapped in Atlanta Mall
19%
What did the Lead Character leave behind in Atlanta? Hat and Bag of Guns
5%
No matching quizzes found
Score Distribution
Percent of People with Each Score
Percentile by Number Answered
Your Score History
You have not taken this quiz since the last reset